Green Day and Blink-182 Albums - Statistics

General Stats
  • This quiz has been taken 340 times
  • The average score is 17 of 24
Answer Stats
Band Album Year of Release % Correct
Green Day American Idiot 2004
96%
Green Day Dookie 1994
96%
Green Day Dos 2012
87%
Green Day Tre 2012
86%
Green Day Uno 2012
86%
Green Day Nimrod 1997
85%
Green Day Kerplunk 1992
82%
Green Day Warning 2000
81%
Green Day 21st Century Breakdown 2009
79%
Blink-182 Enema of the State 1999
79%
Green Day Insomniac 1995
79%
Blink-182 blink-182 2003
78%
Green Day Revolution Radio 2016
77%
Blink-182 California 2016
72%
Blink-182 Dude Ranch 1997
70%
Blink-182 Take Off Your Pants and Jacket 2001
70%
Blink-182 Cheshire Cat 1995
64%
Blink-182 Buddha 1994
62%
Green Day Shenanigans 2002
60%
Blink-182 Neighborhoods 2011
57%
Green Day International Superhits 2001
55%
Green Day 1039/Smoothed Out Slappy Hours 1991
53%
Blink-182 Dogs Eating Dogs 2012
42%
Blink-182 Flyswatter 1993
28%
No matching quizzes found
Score Distribution
Percent of People with Each Score
Percentile by Number Answered
Your Score History
You have not taken this quiz